| 000 | 00905cam a22002897a 4500 | ||
|---|---|---|---|
| 003 | CHAP | ||
| 005 | 20220329140235.0 | ||
| 008 | 971013s1972 us r 00010 eng d | ||
| 010 | _a49089 | ||
| 011 | _a50061 | ||
| 035 | _a54211 | ||
| 040 | _cCHAP | ||
| 082 | 0 | 4 |
_a001.64044 _bP48 |
| 100 | 0 | 0 |
_aPetrocelli, Orlando R. _987652 |
| 245 | 1 | 4 | _aThe best computer papers of 1971 |
| 260 |
_aPrincenton, N.J. : _bAuerbach, _c1972 |
||
| 300 | _a296 p. | ||
| 590 |
_aBATCH-UPD _b10 _c20130110 _lUCH01 _h0811 |
||
| 590 |
_aBATCH-UPD _b10 _c20130410 _lUCH01 _h0448 |
||
| 590 |
_aBATCH-UPD _b10 _c20130914 _lUCH01 _h0816 |
||
| 590 |
_aCONVERSION _b10 _c20130109 _lUCH01 _h1327 |
||
| 650 | 1 | 4 |
_aCalculadoras electrónicas digitales. _917346 |
| 650 | 1 | 4 |
_aProcesamiento automático de datos. _991738 |
| 901 | _aBK | ||
| 942 | _cLIBRO | ||
| 949 |
_a001.64044 P48 _bBC _cLIBRO _d33724000288254 _eLIBRO _h41742 _i54211 _si _t240.00 |
||
| 999 |
_c49089 _d49089 |
||